Indian birds (Record no. 103655)

MARC details
000 -LEADER
fixed length control field 00534nam a22001937a 4500
005 - DATE AND TIME OF LATEST TRANSACTION
control field 20160926150455.0
008 - FIXED-LENGTH DATA ELEMENTS--GENERAL INFORMATION
fixed length control field 160926b xxu||||| |||| 00| 0 eng d
022 ## - INTERNATIONAL STANDARD SERIAL NUMBER
International Standard Serial Number 0973-1407
082 ## - DEWEY DECIMAL CLASSIFICATION NUMBER
Classification number 598
245 ## - TITLE STATEMENT
Title Indian birds
260 ## - PUBLICATION, DISTRIBUTION, ETC. (IMPRINT)
Place of publication, distribution, etc Hyderabad
Name of publisher, distributor, etc New Ornis Foundation
300 ## - PHYSICAL DESCRIPTION
Extent v. :
Other physical details ill. ;
Dimensions 28 cm.
310 ## - CURRENT PUBLICATION FREQUENCY
Current publication frequency Monthly
500 ## - GENERAL NOTE
General note .
650 ## - SUBJECT ADDED ENTRY--TOPICAL TERM
Form subdivision Periodicals.
270 ## - ADDRESS
Address 2nd Floor,BBR Forum,Rd. No.2,Banjara Hills,
City Hyderabad
Country India
Postal code 500034
942 ## - ADDED ENTRY ELEMENTS (KOHA)
Source of classification or shelving scheme Dewey Decimal Classification
Item type Periodicals
Serial record 1
Classification part 598
Call number suffix IND
Holdings
Withdrawn status Lost status Source of classification or shelving scheme Damaged status Not for loan Collection code Home library Current library Date acquired Source of acquisition Total Checkouts Full call number Date last seen Price effective from Koha item type
    Dewey Decimal Classification   Not For Loan Non-fiction D.B.Act.Division D.B.Act.Division 26/09/2016 DBAD/PUB   598 IND 26/09/2016 26/09/2016 Periodicals

© Delhi Public Library
Hit Counter
free hit counter